00848cam a2200205 a 4500020001500000082002900015100003600044245015100080260005700231300003500288526003700323650005100360650003800411650001300449650002400462700002800486942001200514999001900526952009700545 a013030925700a658.404bBADcL-39, P-991 aBadiru, Adedeji Bodunde,94464010aComprehensive project management :bintegrating optimization models, management principles, and computers /cAdedeji B. Badiru and P. Simin Pulat. aEnglewood Cliffs, N.J. :bPrentice Hall PTR,cc1995. axvii, 548 p. :bill. ;c24 cm. a0b0c0d658_404000000000000_BAD 0aIndustrial managementxData processing.944641 0aMathematical optimization.910023 0aMCE9379 0aProject management.1 aPulat, P. Simin.944642 2ddccBK c548370d548370 00102ddc4070aMCEbMCEd2014-08-27l0o658.404 BADpMCE-41606r2014-08-27w2014-08-27yBK